Felipe de Jesús (Record no. 127938)
[ view plain ]
| 000 -LEADER | |
|---|---|
| campo de control de longitud fija | 00608nam a2200193 4500 |
| 001 - NÚMERO DE CONTROL | |
| campo de control | 127938 |
| 003 - IDENTIFICADOR DE NÚMERO DE CONTROL | |
| campo de control | ES-MaACL |
| 007 - CAMPO FIJO DE DESCRIPCIÓN FÍSICA--INFORMACIÓN GENERAL | |
| campo de control de longitud fija | t| |
| 008 - DATOS DE LONGITUD FIJA--INFORMACIÓN GENERAL | |
| campo de control de longitud fija | 070214s1962 mx r ||||1| spa d |
| 100 1# - ENTRADA PRINCIPAL--NOMBRE DE PERSONA | |
| Nombre de persona | Ríos, Eduardo Enrique. |
| 9 (RLIN) | 97362 |
| 245 10 - MENCIÓN DEL TÍTULO | |
| Título | Felipe de Jesús |
| Resto del título | : el santo criollo / |
| Mención de responsabilidad, etc. | Eduardo Enrique Ríos. |
| 250 ## - MENCION DE EDICION | |
| Mención de edición | 4ª. ed. |
| 260 ## - PUBLICACIÓN, DISTRIBUCIÓN, ETC. | |
| Lugar de publicación, distribución, etc. | México : |
| Nombre del editor, distribuidor, etc. | Jus, |
| Fecha de publicación, distribución, etc. | 1962. |
| 300 ## - DESCRIPCIÓN FÍSICA | |
| Extensión | 103 p., 1 lám. ; |
| Dimensiones | 24 cm. |
| 490 1# - MENCIÓN DE SERIE | |
| Mención de serie | Figuras y episodios de la historia de México |
| 830 0# - PUNTO DE ACCESO ADICIONAL DE SERIE-TÍTULO UNIFORME | |
| Título uniforme | Figuras y episodios de la historia de México |
| 9 (RLIN) | 181876 |
| 852 ## - LOCALIZACIÓN | |
| Ubicación | ES-MaACL |
| Número de control de estantería | E-9435 |
| Sublocalización o colección | R.94188 |
| Estatus retirado | Estado de pérdida | Estado de daño | No para préstamo | Biblioteca de origen | Biblioteca actual | Ubicación en estantería | Fecha de adquisición | Fuente de adquisición | Total de préstamos | Signatura topográfica completa | Código de barras | Visto por última vez | Precio de reemplazo | Tipo de ítem Koha |
|---|---|---|---|---|---|---|---|---|---|---|---|---|---|---|
| Biblioteca del Ateneo de Madrid | Biblioteca del Ateneo de Madrid | Depósito 2 | 17/01/2008 | E-9435 | 1133252 | 23/02/2023 | 23/02/2023 | Libro impreso |
